000 00539nam a2200229Ia 4500
003 0100
008 130303s9999 xx 000 0 und d
040 _cARRUPELIB
050 _aB945.Q54D54 1984
100 _aDilman, Ilham
245 _aQuine on ontology, necessity, and experience
245 _ba philosophical critique
260 _aAlbany
260 _bState U.P.
260 _C1984
300 _aix
300 _b 138p. 22cm.
650 _aPACIFIC STUDIES
650 _bReason
700 _aIlham Dilman
942 0 0 _03
999 _c9252
_d9252